Witamy w Bibliotece Naukowej Instytutu Łączności!

Program komunikacyjny VDU / (Rekord nr 16987)

000 -LEADER
fixed length control field 00313 a2200097 4500
100 1# - MAIN ENTRY--PERSONAL NAME
Personal name Zołotucho, W..
Relator term Autor
245 0# - TITLE STATEMENT
Title Program komunikacyjny VDU /
Statement of responsibility, etc Zołotucho W., Czerwiński A..
260 ## - PUBLICATION, DISTRIBUTION, ETC. (IMPRINT)
Place of publication, distribution, etc Warszawa :
Name of publisher, distributor, etc IŁ,
Date of publication, distribution, etc 1974.
300 ## - PHYSICAL DESCRIPTION
Extent 12 s.;
Dimensions 34 cm.
700 1# - ADDED ENTRY--PERSONAL NAME
Personal name Czerwiński, A..
Relator term Autor
710 2# - ADDED ENTRY--CORPORATE NAME
Corporate name or jurisdiction name as entry element Instytut Łączności.
Relator term Wydawca
Relator code pbl
Egzemplarze
Withdrawn status Lost status Damaged status Not for loan Permanent Location Current Location Shelving location Date acquired Cost, normal purchase price Full call number Date last seen Price effective from Koha item type
        Instytut Łączności Instytut Łączności Magazyn 1974-12-29 0.00 S-06195/arch 2017-11-30 2017-11-30 Książki
        Instytut Łączności Instytut Łączności Magazyn 1974-12-29 0.00 S-06196 2017-11-30 2017-11-30 Książki

Działa dzięki Koha